000 00712nam a22001817a 4500
999 _c178312
_d178312
005 20210324155434.0
010 _aENG-129291
020 _a978-93-82400-35-6
_c450.00
035 _aEN-112823
037 _bDBAD/PUB
082 _a371.1023
100 _aRosenberg, Marshall B.
245 _aLife- Enriching Education/
_cMarshall B. Rosenberg
_bnonviolent Communication Helps Schools Improve Performance, Reduce Conflict , and Enhance Relationships
260 _bBanyan Tree
_aIndore
_c2020
270 _bIndore
_e452003
_a1-b, Dhenu Mraket, 1st floor
_k+91-731-2531488 , 8989461462 , 9425904428
_mbanayantreebookstore@gmail.com
300 _a160p.
_c22cm(pbk)
942 _2ddc
_cEN
_h371.1023
_mROS